000 00415nam a2200181Ia 4500
001 2441
005 20260306144807.0
008 260306t1970||||xx |||||||||||||| ||spa||
041 _aESP
082 _a616.89
_bS29
100 _aSchneider, Kurt
_eAUT
245 0 _aPatopsicología clínica
260 _c1970
300 _a240 páginas :
_c21 cm.
650 _aGEN
654 _aCPS
942 _cLIB
_dJUS
_fJUS
_2ddc
_n
999 _c2441
_d2441